[Event "GCT Paris Rapid 2019"]
[Site "Paris"]
[Date "2019.07.28"]
[Round "4.4"]
[White "Nakamura, Hikaru"]
[Black "Duda, Jan-Krzysztof"]
[Result "1/2-1/2"]
[WhiteElo "2754"]
[BlackElo "2729"]
[Annotator "TA"]
[PlyCount "122"]
[EventDate "2019.07.26"]
[EventType "tourn"]
[EventCountry "FRA"]
[SourceTitle "playchess.com"]
[Source "ChessBase"]
[SourceQuality "1"]

{[%evp 11,122,60,66,50,62,27,27,22,25,24,32,0,-9,-20,-20,-19,-20,-40,-28,-33,-37,-43,22,-12,35,0,81,80,78,80,154,139,142,130,145,131,126,121,138,130,167,170,174,0,143,171,154,163,172,179,162,149,127,60,42,10,9,8,8,22,20,10,9,21,58,0,0,0,0,-31,0,-60,0,0,0,0,0,0,0,0,0,0,283,298,262,224,242,0,241,56,66,66,153,153,117,0,137,117,137,50,58,42,45,62,39,0,0,0,0,0,0,0,67]} 1. e4 c5 2. Nf3 Nf6 3. e5 Nd5 4. Nc3 Nxc3 5. dxc3 Nc6 6. Bf4 e6 7. h4 {B29: Sicilian: 2 Nf3 Nf6 (Nimzowitsch Variation)} (7. Qd2 h6 8. h4 a6 9. h5 b5 10. a4 b4 11. Bd3 Bb7 12. Be4 Qc7 13. O-O bxc3 14. bxc3 Ne7 15. Bxb7 Qxb7 {1-0 (77) Carlsen,M (2835)-Popov,I (2592) St Petersburg 2018}) 7... h6 8. g3 $146 ({Predecessor:} 8. h5 a6 9. c4 b5 10. c3 Rb8 11. Qc2 b4 12. Bd3 bxc3 13. bxc3 Qb6 14. O-O Qb2 {½-½ (54) Van Foreest,J (2614)-Predke,A (2622) St Petersburg 2018}) 8... b6 9. Bg2 {White has an edge.} Bb7 10. Qd3 Qc7 11. O-O-O Ne7 12. h5 c4 13. Qe2 b5 14. Rh4 Rb8 15. Bd2 Qa5 16. Kb1 Bd5 (16... Bc6 $15) 17. Ne1 Rb6 {aiming for ...Ra6.} 18. Bc1 Ra6 (18... Bxg2 $1 $11 19. Nxg2 Nd5 20. Rxd5 exd5) 19. a3 $16 Bc6 20. Rhd4 Nd5 (20... Qc7 $142) 21. Bxd5 Bxd5 22. Rxd5 exd5 23. Rxd5 Qb6 24. Nf3 {[%mdl 1024] White has strong compensation.} Qb7 25. Qe4 Rc6 26. Be3 $1 a5 {[#]} 27. Rd6 $2 (27. Nd2 $1 $18) 27... b4 {[#]} (27... Bxd6 $11 28. exd6+ Kd8) 28. cxb4 $1 {[%mdl 512]} axb4 {[#]} 29. axb4 $1 {[%mdl 512]} Bxd6 (29... Qxb4 30. Rxc6) 30. exd6+ Kd8 31. Ne5 Kc8 32. Nxc6 ({Resist} 32. Nxf7 $6 Rf8 $14) (32. Qd5 $16) 32... Qxc6 {[%mdl 4096] Endgame KQR-KQB} 33. Qd4 Re8 34. Qxg7 Qh1+ {[%mdl 64] Double Attack} 35. Bc1 Qxh5 36. Qc3 Qd5 37. b3 h5 38. Kb2 ({Better is} 38. bxc4 $14 Qxd6 39. Be3) 38... Re4 $11 39. Be3 Kb7 40. Kb1 (40. Ka3 {feels hotter.} h4 41. gxh4 Rxh4 42. Kb2 f5 43. Qf6) 40... f5 41. Kc1 (41. Kb2 $11) 41... Qxd6 (41... Qe5 $15 42. Qxe5 Rxe5) 42. bxc4 Qc6 43. Bd4 f4 44. Qd3 Re1+ 45. Kd2 $1 {[%cal Rd2e1]} Qh1 {Threatens to win with ...Rd1+.} 46. Qf5 Qe4 $2 {[%mdl 8192]} ({Much weaker is} 46... Rd1+ $6 47. Kc3 $16) (46... Re6 $1 $11) 47. Qxd7+ $18 Kb8 48. Qd8+ Kb7 49. Qd7+ Kb8 {( -> ...Re2+)} 50. Kc3 $2 (50. Qd6+ $18 Kc8 51. Qf8+ Kd7 52. Qf7+ Kc8 53. Qxh5) 50... Rc1 $1 $14 {[%csl Gc1][%cal Re4c2]} 51. Qb5+ Kc8 {[%csl Gc1][%cal Re4c2]} 52. Qc5+ Kd7 {[%csl Gc1][%cal Re4c2]} 53. Qb5+ Kc8 $1 {[%csl Gc1][%cal Re4c2] [#]} 54. Qa6+ $1 Kd8 {[%csl Gc1][%cal Re4c2]} 55. Qf6+ (55. Bf6+ $16 Kc7 56. Qa7+ Kc8 57. Qa2) 55... Kc8 {[%csl Gc1][%cal Re4c2]} 56. Qf8+ Kd7 {[%csl Gc1][%cal Re4c2]} 57. Qf7+ {[%mdl 64] Double Attack} Kc8 {[%csl Gc1][%cal Re4c2]} 58. Qg8+ Kd7 {[%csl Gc1][%cal Re4c2] The position is equal.} 59. Qg7+ Kc8 {[%csl Gc1][%cal Re4c2]} 60. Qg8+ Kd7 {[%csl Gc1][%cal Re4c2]} 61. Qf7+ ({White should try} 61. b5 $11 Rxc2+ 62. Kb3) 61... Kc8 {Accuracy: White = 47%, Black = 63%.} 1/2-1/2

[Event "GCT Paris Rapid 2019"]
[Site "Paris"]
[Date "2019.07.28"]
[Round "4.5"]
[White "Mamedyarov, Shakhriyar"]
[Black "Nepomniachtchi, Ian"]
[Result "1-0"]
[WhiteElo "2765"]
[BlackElo "2775"]
[Annotator "TA"]
[PlyCount "71"]
[EventDate "2019.07.26"]
[EventType "tourn"]
[EventCountry "FRA"]
[SourceTitle "playchess.com"]
[Source "ChessBase"]
[SourceQuality "1"]

{[%evp 13,71,4,28,13,31,29,49,37,54,57,41,52,60,61,49,37,64,51,56,64,75,61,134,116,127,123,210,194,197,170,153,168,199,166,323,318,429,323,489,300,520,525,489,184,203,125,391,379,494,491,489,485,452,433,488,490,470,402,356,329]} 1. d4 Nf6 2. c4 g6 3. Nf3 Bg7 4. g3 d5 5. Bg2 c6 6. O-O dxc4 7. a4 O-O 8. Na3 $1 {D73: Fianchetto Grünfeld: 5 Nf3} (8. Qc2 Be6 9. e4 h6 10. Rd1 Na6 11. Ne5 Nb4 12. Qc3 c5 13. d5 Ng4 14. Bf4 g5 15. Bf3 Bc8 16. Bxg4 Bxg4 {0-1 (25) Vidit,S (2702)-Anand,V (2773) Kolkata 2018}) 8... Na6 9. Nxc4 Be6 10. b3 {White is slightly better.} Bd5 11. Ba3 Rc8 12. Rc1 Re8 $146 ({Predecessor:} 12... c5 13. e3 {0-1 (32) Krasenkow,M (2545)-Shirov,A (2500) Paris 1990}) 13. e3 c5 14. Qe2 cxd4 15. Nxd4 Bxg2 16. Kxg2 Qd5+ 17. f3 Nc7 (17... b6 $14) 18. Rfd1 Qh5 19. e4 Rcd8 {[#]} (19... Bf8 $16) 20. Ne3 $1 $18 e5 21. Rxc7 exd4 {[#]} 22. Qc4 $1 {[%mdl 512]} Rd7 {Strongly threatening ...b5.} 23. Rxd4 $40 {[%mdl 128] White wants a kill.} Rxc7 $2 (23... b5 24. axb5 Rxc7 25. Qxc7 Qxb5) 24. Qxc7 Qg5 25. Rd3 b6 (25... Qe5 {keeps fighting.} 26. Qxb7 Bf8) 26. h4 Qa5 $2 (26... Qe5 {was worth a try.} 27. Qxe5 (27. Qxa7 Nxe4 28. Nf1 Bf8 $11) 27... Rxe5) 27. Rd8 h5 28. Bb2 $2 (28. Be7) 28... Rf8 {intending ...Qe1.} 29. Bc3 Qa6 $2 {[%mdl 8192]} (29... Ne8 $16) 30. Nc4 (30. Rxf8+ Bxf8 31. Nc4 (31. Bxf6 Qe2+ 32. Kh3 Qxf3 $17 {[%mdl 64] Double Attack}) 31... Ne8 $18) 30... b5 31. Nd6 {Rxf8+ would kill now.} Rxd8 32. Qxd8+ {[%mdl 64] Double Attack} Kh7 33. Nxb5 ({Weaker is} 33. Bxf6 bxa4 34. Kf2 (34. Nxf7 Qe2+ 35. Kh3 Bxf6 $11) 34... Qd3 $16) 33... Qe6 34. Bxf6 Bxf6 35. Qd5 {Threatens to win with Qxe6.} Qe7 36. Qd6 {Accuracy: White = 76%, Black = 18%.} 1-0

[Event "GCT Paris Rapid 2019"]
[Site "Paris"]
[Date "2019.07.28"]
[Round "5.1"]
[White "Vachier-Lagrave, Maxime"]
[Black "Caruana, Fabiano"]
[Result "1-0"]
[WhiteElo "2775"]
[BlackElo "2819"]
[Annotator "RC"]
[PlyCount "105"]
[EventDate "2019.07.26"]
[EventType "tourn"]
[EventCountry "FRA"]
[SourceTitle "playchess.com"]
[Source "ChessBase"]
[SourceQuality "1"]
[TimeMode "Bronstein"]
[TimeControl "1500+10"]

1. e4 {[%emt 0:00:00]} c5 {[%emt 0:00:00]} 2. Nf3 {[%emt 0:00:00]} d6 {[%emt 0:00:00]} 3. d4 {[%emt 0:00:00]} cxd4 {[%emt 0:00:00]} 4. Nxd4 {[%emt 0:00:00]} Nf6 {[%emt 0:00:00]} 5. Nc3 {[%emt 0:00:00]} Nc6 {[%emt 0:00:00]} 6. g3 {[%emt 0:00:00]} Nxd4 {[%emt 0:00:00]} 7. Qxd4 {[%emt 0:00:00]} g6 {[%emt 0:00:00]} 8. e5 {[%emt 0:00:00]} dxe5 {[%emt 0:00:00]} 9. Qxd8+ {[%emt 0:00:00]} Kxd8 {[%emt 0:00:00]} 10. Bg2 {[%emt 0:00:00]} Kc7 {[%emt 0:01:04]} 11. O-O {[%emt 0:00:46]} Be6 {[%emt 0:03:09]} 12. Re1 {[%emt 0:00:36]} Nd7 {[%emt 0:01:03]} 13. Be3 {[%emt 0:00:10]} a6 {[%emt 0:04:43]} 14. a4 {[%emt 0:01:03]} Rc8 {[%emt 0:01:46]} 15. a5 {[%emt 0:00:54]} Bg7 {[%emt 0:00:38]} 16. Ra4 {[%emt 0:00:16]} Kb8 {[%emt 0:01:29]} 17. Rb4 {[%emt 0:00:10]} Rc7 {[%emt 0:00:10]} 18. Rd1 {[%emt 0:00:10]} Rhc8 {[%emt 0:00:41]} 19. Bf1 {[%emt 0:06:44]} Ka8 {[%emt 0:00:18]} 20. Na4 {[%emt 0:00:10]} f5 {[%emt 0:03:01]} 21. c4 {[%emt 0:01:26]} e4 {[%emt 0:00:48]} 22. c5 {[%emt 0:00:10]} Ne5 {[%emt 0:02:02]} 23. Nb6+ {[%emt 0:01:35]} Kb8 {[%emt 0:00:10]} 24. Nxc8 {[%emt 0:00:27]} Kxc8 {[%emt 0:00:10]} 25. Rb6 {[%emt 0:02:21]} Bd7 {[%emt 0:00:38]} 26. b4 {[%emt 0:00:25]} Ba4 {[%emt 0:00:10]} 27. Rb1 {[%emt 0:00:45]} Nd3 {[%emt 0:03:11]} 28. Be2 {[%emt 0:00:14]} Bc6 {[%emt 0:01:32]} 29. f3 {[%emt 0:00:49]} Ne5 {[%emt 0:00:23]} 30. fxe4 {[%emt 0:00:10]} Bxe4 {[%emt 0:00:10]} 31. Rd1 {[%emt 0:01:54]} Bc6 {[%emt 0:00:10]} 32. Bf4 {[%emt 0:01:13]} Bf6 {[%emt 0:00:36]} 33. h4 {[%emt 0:00:13]} Rd7 {[%emt 0:00:24]} 34. Rxd7 {[%emt 0:00:10]} Kxd7 {[%emt 0:00:10]} 35. b5 {[%emt 0:01:09]} axb5 {[%emt 0:00:10]} 36. Bxb5 {[%emt 0:00:10]} Bxb5 {[%emt 0:00:13]} 37. Rxb5 {[%emt 0:00:10]} Kc8 {[%emt 0:00:14]} 38. Bxe5 {[%emt 0:00:57]} Bxe5 {[%emt 0:00:10]} 39. c6 {[%emt 0:00:10]} Bd4+ {[%emt 0:00:10]} 40. Kg2 {[%emt 0:00:10]} bxc6 {[%emt 0:00:10]} 41. Rb1 {[%emt 0:00:37]} h6 {[%emt 0:00:14]} 42. a6 {[%emt 0:00:10]} e5 {[%emt 0:00:10]} 43. Rb7 {[%emt 0:00:10]} h5 {[%emt 0:00:11]} 44. Rg7 {[%emt 0:00:26]} Kb8 {[%emt 0:00:10]} 45. Rxg6 {[%emt 0:00:10]} c5 {[%emt 0:00:10]} 46. Kf3 {[%emt 0:00:38]} c4 {[%emt 0:00:10]} 47. Ke2 {[%emt 0:00:10]} e4 {[%emt 0:00:10]} 48. Rg5 {[%emt 0:00:30]} Be5 {[%emt 0:00:10]} 49. g4 {[%emt 0:00:10]} hxg4 {[%emt 0:00:10]} 50. Rxf5 {[%emt 0:00:10]} Bd4 {[%emt 0:00:10]} 51. Rg5 {[%emt 0:00:10]} c3 {[%emt 0:00:10]} 52. Rxg4 {[%emt 0:00:10]} Bf6 {[%emt 0:00:10]} 53. Rxe4 {[%emt 0:00:10]} 1-0

[Event "GCT Paris Rapid 2019"]
[Site "Paris"]
[Date "2019.07.28"]
[Round "5.2"]
[White "Dubov, Daniil"]
[Black "Grischuk, Alexander"]
[Result "0-1"]
[WhiteElo "2700"]
[BlackElo "2766"]
[Annotator "TA"]
[PlyCount "24"]
[EventDate "2019.07.26"]
[EventType "tourn"]
[EventCountry "FRA"]
[SourceTitle "playchess.com"]
[Source "ChessBase"]
[SourceQuality "1"]

{[%evp 9,152,5,17,0,0,0,19,8,22,-24,-25,-41,-52,-55,-48,-85,-28,-33,0,3,9,10,24,-41,-33,-37,-45,-41,-14,-19,-15,-13,-14,-157,-164,-161,-150,-159,-153,-153,-152,-152,-157,-154,-122,-121,-125,-124,-122,-208,-200,-259,-257,-259,-205,-200,-207,-343,-345,-393,-385,-395,-391,-388,-389,-409,-409,-434,-404,-396,-405,-411,-411,-490,-398,-514,-396,-396,-396,-416,-354,-370,-373,-381,-349,-360,-360,-349,-349,-350,-356,-413,-395,-486,-387,-588,-568,-692,-693,-708,-708,-694,-641,-600,0,-694,-694,-654,-579,-694,-694,-724,-597,-829,-808,-852,-798,-850,-844,-670,-827,-810,-801,-981,-977,-959,-959,-992,-974,-952,-919,-912,-898,-884,-859,-12625,-12625,-29971,-29967,-29971,-29973,-29974,-29974,-29971,-4711]} 1. Nf3 d5 2. e3 Nf6 3. c4 e6 4. b3 c5 5. cxd5 (5. Bb2 Nc6 6. cxd5 exd5 7. Be2 d4 8. exd4 cxd4 9. Bb5 Qe7+ 10. Qe2 Qxe2+ 11. Kxe2 Bd7 12. Re1 O-O-O 13. Kf1 a6 14. Bxc6 Bxc6 15. Nxd4 Be4 16. Nf3 Bxf3 17. gxf3 Bd6 18. Bxf6 {½-½ (18) Dubov,D (2703)-Aronian,L (2765) St Petersburg 2018}) 5... exd5 6. Bb5+ {A13: English Opening: 1...e6} Nc6 7. Ne5 Qc7 8. Bb2 {The position is equal.} Bd6 9. f4 O-O {[%cal Rc6e5]} 10. Bxc6 bxc6 11. O-O Re8 (11... Ba6 $5 {[%cal Ra6f1]} 12. Rf3 Rae8 $15) 12. Qf3 Ba6 {Played: Ra8-b8} 0-1

[Event "GCT Paris Rapid 2019"]
[Site "Paris"]
[Date "2019.07.28"]
[Round "5.3"]
[White "Anand, Viswanathan"]
[Black "Nakamura, Hikaru"]
[Result "1/2-1/2"]
[WhiteElo "2764"]
[BlackElo "2754"]
[Annotator "TA"]
[PlyCount "38"]
[EventDate "2019.07.26"]
[EventType "tourn"]
[EventCountry "FRA"]
[SourceTitle "playchess.com"]
[Source "ChessBase"]
[SourceQuality "1"]

{[%evp 9,38,14,16,14,20,9,12,6,18,26,16,16,93,70,78,69,61,64,66,22,41,34,43,34,16,0,0,0,0,0,0]} 1. e4 e5 2. Nf3 Nc6 3. Bb5 Nf6 4. d3 Bc5 5. Bxc6 dxc6 6. O-O {C65: Ruy Lopez: Berlin Defence (3...Nf6), unusual lines and 4 0-0 Bc5} Nd7 (6... Qe7 7. Nbd2 Bg4 8. h3 Bh5 9. a3 Nd7 10. b4 Bd6 11. Nc4 f6 12. Ne3 Nf8 13. Nf5 Qd7 {½-½ (50) Giri,A (2797)-Topalov,V (2740) Shamkir 2019}) (6... Qe7 7. Nbd2 Bg4 8. h3 Bh5 9. a3 a5 10. Nc4 Nd7 11. g4 Bg6 12. b4 axb4 13. Bg5 f6 14. axb4 Rxa1 15. Qxa1 {½-½ (30) Anand,V (2783)-Nakamura,H (2792) Saint Louis 2017}) 7. c3 O-O 8. d4 exd4 9. cxd4 Be7 $146 ({Predecessor:} 9... Bb6 10. Nc3 Re8 11. Qc2 Nf8 12. Be3 Bg4 13. Ne5 Be6 {0-1 (56) Vojtek,V (2366)-Sosna,J (2414) Slovakia 2005}) 10. Nc3 b5 (10... Nb6 $11 {remains equal.}) 11. Bf4 Bb7 12. Qc2 a6 13. Rad1 Qc8 14. Ne5 Nxe5 15. Bxe5 Re8 16. Bf4 c5 17. dxc5 {The position is equal.} Bxc5 18. Nd5 Bxd5 19. exd5 Bd6 {Accuracy: White = 42%, Black = 77%.} 1/2-1/2

[Event "GCT Paris Rapid 2019"]
[Site "Paris"]
[Date "2019.07.28"]
[Round "5.4"]
[White "Duda, Jan-Krzysztof"]
[Black "Mamedyarov, Shakhriyar"]
[Result "1-0"]
[WhiteElo "2729"]
[BlackElo "2765"]
[Annotator "TA"]
[PlyCount "43"]
[EventDate "2019.07.26"]
[EventType "tourn"]
[EventCountry "FRA"]
[SourceTitle "playchess.com"]
[Source "ChessBase"]
[SourceQuality "1"]

{[%evp 10,65,9,0,1,12,21,0,10,-2,0,-77,-77,-118,-113,-118,38,37,24,6,0,0,0,-3,0,0,0,-25,343,339,343,315,748,303,281,160,418,370,357,289,296,279,268,147,159,156,155,136,156,154,241,239,239,212,488,494,500,500]} 1. Nf3 d5 2. c4 e6 3. b3 Nf6 4. Bb2 Be7 5. e3 O-O 6. Nc3 dxc4 {A13: English Opening: 1...e6} 7. Bxc4 (7. bxc4 b6 8. d4 Bb7 9. Bd3 c5 10. d5 exd5 11. cxd5 b5 12. Bxb5 Nxd5 13. O-O Nf6 14. Qc2 {1-0 (102) Giri,A (2797)-Yu,Y (2751) Shenzhen 2019}) 7... c5 8. Be2 a6 {The position is equal.} 9. Qc2 $146 ({Predecessor:} 9. Rg1 b5 10. g4 b4 11. Na4 Bb7 12. g5 {0-1 (99) Khismatullin,D (2628)-Grachev,B (2645) Sochi 2017}) 9... Nc6 10. g4 (10. Ne4 $11) 10... Nxg4 11. Rg1 f5 12. Ne4 b5 $2 (12... b6 $17 13. a3 Bb7) 13. Nxc5 $14 Qd5 14. Nd3 Bb7 15. h3 Nf6 16. Nf4 $132 {[%mdl 2048] White is not keeping still} Qd6 17. Ng5 Nb4 18. Qb1 $1 e5 $2 {[%mdl 8192]} (18... Be4 $11 19. Nxe4 fxe4) 19. Qxf5 $18 Rad8 20. Bxe5 Qxd2+ 21. Kf1 {aiming for Bxf6.} Bc8 {[#]} 22. Nge6 {Played: Nf4-e6} 1-0

[Event "GCT Paris Rapid 2019"]
[Site "Paris"]
[Date "2019.07.28"]
[Round "5.5"]
[White "Nepomniachtchi, Ian"]
[Black "Giri, Anish"]
[Result "1/2-1/2"]
[WhiteElo "2775"]
[BlackElo "2779"]
[Annotator "TA"]
[PlyCount "64"]
[EventDate "2019.07.26"]
[EventType "tourn"]
[EventCountry "FRA"]
[SourceTitle "playchess.com"]
[Source "ChessBase"]
[SourceQuality "1"]

{[%evp 12,64,20,19,42,12,43,39,32,37,41,32,42,0,12,-2,0,3,14,0,4,-25,-18,-18,-3,-18,-16,-8,-12,-15,-18,-17,-12,-12,-14,-15,0,0,0,0,0,0,0,-20,0,0,0,0,0,0,0,0,0,0,0]} 1. e4 c5 2. Nf3 d6 3. d4 cxd4 4. Nxd4 Nf6 5. Nc3 a6 6. h3 e5 7. Nde2 h5 {B90: Sicilian Najdorf: Unusual White 6th moves, 6 Be3 Ng4 and 6 Be3 e5} 8. g3 (8. Ng1 Nbd7 9. Nf3 b5 10. Ng5 Bb7 11. Bd3 Be7 12. O-O Nc5 13. f4 Qc7 14. a3 Rc8 15. Qe1 {1-0 (33) Nepomniachtchi,I (2740)-Giri,A (2755) Moscow 2016}) 8... Be7 9. Bg2 b5 {White is slightly better.} 10. Nd5 Nxd5 11. Qxd5 Ra7 12. Qd2 $146 (12. Be3 {keeps more tension.} Rb7 13. O-O-O O-O 14. Qd2 b4 15. Kb1) ({Predecessor:} 12. Be3 Rb7 13. O-O Nd7 14. Qd2 O-O 15. Nc3 {0-1 (66) Edouard,R (2680)-Nepomniachtchi,I (2714) Tromsoe 2014}) 12... Nd7 13. a4 Rb7 14. axb5 axb5 15. O-O O-O 16. b3 b4 17. Rd1 {The position is equal.} h4 18. g4 Nc5 19. Qe1 Bd7 20. Be3 Qc7 21. Nc1 Rfb8 22. Ra2 Bc6 23. Bd2 Qd8 24. Nd3 Nxd3 25. cxd3 Bd7 26. d4 exd4 27. Bf4 Be6 28. Rxd4 Bxb3 29. Rb2 Be6 30. Rdxb4 Rxb4 31. Rxb4 Rxb4 32. Qxb4 d5 {Accuracy: White = 49%, Black = 71%.} 1/2-1/2

[Event "GCT Paris Rapid 2019"]
[Site "Paris"]
[Date "2019.07.28"]
[Round "6.1"]
[White "Grischuk, Alexander"]
[Black "Vachier-Lagrave, Maxime"]
[Result "1/2-1/2"]
[WhiteElo "2766"]
[BlackElo "2775"]
[Annotator "TA"]
[PlyCount "78"]
[EventDate "2019.07.26"]
[EventType "tourn"]
[EventCountry "FRA"]
[SourceTitle "playchess.com"]
[Source "ChessBase"]
[SourceQuality "1"]

{[%evp 14,78,26,10,6,7,30,0,0,0,0,0,0,0,0,0,0,0,6,11,26,23,22,14,33,27,28,20,58,8,18,8,1,0,9,0,0,-66,-68,-54,0,0,0,0,0,0,4,4,4,4,4,4,4,4,5,4,4,4,4,4,4,4,4,4,4,0,12]} 1. d4 Nf6 2. c4 g6 3. h4 Bg7 4. Nc3 O-O 5. e4 d6 6. Be2 c5 7. d5 e6 8. h5 exd5 {E73: King's Indian: Averbakh Variation without 6...c5} 9. exd5 (9. hxg6 fxg6 10. cxd5 b5 11. e5 dxe5 12. Bxb5 Ba6 13. a4 Bxb5 14. axb5 Nbd7 15. Be3 a6 16. bxa6 {1-0 (39) Rapport,R (2680)-Baklan,V (2627) Kozloduy 2013}) 9... Re8 10. h6 Bh8 11. Bg5 $146 ({Predecessor:} 11. Be3 Qa5 12. Qd2 Na6 13. Nh3 Bf5 14. Ng5 Ng4 15. Bxg4 Bxg4 16. Rh4 {1-0 (35) Silva,M (2012)-Flach,K (1778) Rio de Janeiro 2016}) 11... Qb6 12. b3 Qa5 13. Bd2 Qd8 14. Kf1 Ne4 15. Nxe4 Rxe4 16. Rc1 Rh4 17. Rxh4 Qxh4 18. g3 Qd8 (18... Qh2 {feels hotter.} 19. Bg4 Nd7 20. Nf3 Qh1+ 21. Ke2 Qxd1+ 22. Kxd1 f5) 19. Kg2 Nd7 20. Nf3 Ne5 21. Nxe5 Bxe5 22. Bd3 Bd7 23. Qf3 f5 24. Re1 Qf6 25. b4 (25. Qe3 $11) 25... cxb4 $15 26. Bxb4 b6 ({Better is} 26... Qg5 $1 $15) 27. Bd2 $11 {The position is equal.} Re8 28. Qd1 f4 29. Qf3 {[%cal Rg3f4]} fxg3 (29... g5 {looks sharper.} 30. Qh5 Rf8 31. gxf4 Bxf4 32. Bxf4 Qxf4 33. Re7 Rf6) 30. Qxf6 Bxf6 31. Rxe8+ Bxe8 32. fxg3 {[%mdl 4096] Endgame KBB-KBB} Kf8 33. g4 Ke7 34. g5 Bd4 35. Kf3 Bd7 36. Be3 Bc3 37. Bc2 Kf7 38. Be4 Bb4 39. Bd4 Bc5 {Accuracy: White = 80%, Black = 66%.} 1/2-1/2

[Event "GCT Paris Rapid 2019"]
[Site "Paris"]
[Date "2019.07.28"]
[Round "6.2"]
[White "Caruana, Fabiano"]
[Black "Nepomniachtchi, Ian"]
[Result "0-1"]
[WhiteElo "2819"]
[BlackElo "2775"]
[Annotator "TA"]
[PlyCount "126"]
[EventDate "2019.07.26"]
[EventType "tourn"]
[EventCountry "FRA"]
[SourceTitle "playchess.com"]
[Source "ChessBase"]
[SourceQuality "1"]

{[%evp 12,126,72,76,66,24,35,38,73,37,73,31,123,127,131,131,139,140,131,138,140,146,249,168,289,230,239,229,251,219,231,230,222,211,233,219,205,218,220,218,212,233,321,345,344,340,303,327,351,323,360,363,350,342,327,324,303,243,217,37,66,45,61,73,77,71,69,82,75,53,54,51,54,8,8,8,45,45,40,0,8,8,138,208,125,0,0,0,273,-16,-16,-16,-16,-1564,-1110,-2142,-2067,-2176,-2134,-1884,-1781,-1327,-1191,-29966,-29967,-29969,-29967,-29970,-29971,-29974,-29976,-29976,-29977,-29977,-29977,-29977,-29978]} 1. e4 d6 2. d4 Nf6 3. Nc3 g6 4. Be3 Bg7 5. Qd2 a6 6. Bh6 O-O 7. O-O-O b5 {B07: Pirc Defence: Miscellaneous Systems} 8. Bxg7 Kxg7 9. f3 Nc6 {White is slightly better.} 10. h4 e5 11. Nge2 (11. d5 $5 {[%cal Rd5c6]} Ne7 12. a3 $11) 11... b4 $146 ({Black should play} 11... h5 $14) ({Predecessor:} 11... h5 12. Qe3 Qe7 13. Nd5 Nxd5 14. exd5 exd4 15. Qd2 Ne5 16. Qxd4 Qf6 17. Ng3 Nd7 18. a4 {½-½ (18) Adla,D (2491)-Martinez Catalan,F (2247) Aragon 2008}) 12. Nd5 $1 $16 h5 13. Nxb4 Nxd4 14. Nxd4 exd4 15. Nc6 {[%cal Bb4c6,Bc6d4,Bd4e2,Be2f4][%mdl 32]} Qe8 16. Nxd4 Qa4 (16... Qe5 $16 17. Bc4 Rb8) 17. Kb1 c5 (17... Rb8 $142 18. b3 Re8) 18. Ne2 Rb8 19. b3 Be6 {intending ...c4.} 20. Qc3 c4 {[%cal Rc4b3]} 21. Nf4 ({Don't play} 21. Rxd6 $6 cxb3 22. axb3 (22. cxb3 Bxb3 23. Qxf6+ Kg8 $19) 22... Rfc8 $16) 21... Rfc8 {[%cal Rc4b3]} 22. Rd4 $1 {[%cal Rf1c4]} cxb3 23. Nxe6+ ({Weaker is} 23. Rxa4 bxa2+ 24. Kc1 Rb1+ 25. Kd2 Rxc3 $11) 23... fxe6 24. axb3 ({Not} 24. Rxa4 bxa2+ 25. Kxa2 Rxc3 $14) 24... Qe8 25. Qd2 a5 26. Ba6 Rc6 27. Rxd6 Rbb6 28. Rxc6 $1 Qxc6 29. Be2 a4 30. b4 Qc5 31. c3 Qf2 32. Rd1 Qxg2 33. Qe3 Rb7 34. Rg1 Qh2 35. Qg5 $2 (35. b5 $18) 35... Ng4 $1 $14 36. Re1 Qf2 37. Qd2 Ne5 38. Rf1 $1 {[%cal Rf1f2]} Qxh4 39. f4 {Black must now prevent Qd4.} Rd7 40. Qe1 Qxe1+ 41. Rxe1 {[%mdl 4096] Endgame KRB-KRN} Nf7 42. Kc2 e5 43. f5 h4 44. fxg6 Kxg6 45. b5 Kg5 46. c4 h3 (46... Nd8 $11) 47. c5 $1 $16 Kf4 {[#]} 48. b6 (48. Rf1+ $1 $16 Ke3 49. Bc4 Rd2+ 50. Kc3) 48... Nd8 $11 49. Bb5 Rh7 $2 {[%mdl 8192]} (49... Rd4 $1 $11) 50. c6 $2 (50. Bxa4 $18 {Threatens to win with Kd3.} h2 51. Rh1) 50... Nxc6 $1 51. Bxc6 {Strongly threatening b7. KRB-KR} Rh6 $1 {[%cal Rh6c6]} 52. Bd7 $2 {[%mdl 8192]} (52. Bxa4 $11 Rxb6 53. Kd3) 52... h2 $19 53. b7 Rb6 54. Bc8 {[#]} a3 $1 {[%cal Ra3a2]} 55. Kc3 Kg3 56. Ra1 {[#]} a2 $1 {[%mdl 512]} 57. Be6 (57. Rxa2 h1=Q) 57... Rxb7 {Black mates.} 58. Bb3 Ra7 59. Kc4 Rh7 60. Kc5 h1=Q 61. Rxh1 Rxh1 62. Bxa2 Kf4 63. Bd5 Re1 {Accuracy: White = 47%, Black = 62%.} 0-1

[Event "GCT Paris Rapid 2019"]
[Site "Paris"]
[Date "2019.07.28"]
[Round "6.3"]
[White "Duda, Jan-Krzysztof"]
[Black "Anand, Viswanathan"]
[Result "1/2-1/2"]
[WhiteElo "2729"]
[BlackElo "2764"]
[Annotator "TA"]
[PlyCount "71"]
[EventDate "2019.07.26"]
[EventType "tourn"]
[EventCountry "FRA"]
[SourceTitle "playchess.com"]
[Source "ChessBase"]
[SourceQuality "1"]

{[%evp 9,71,0,6,-33,-41,-40,-42,-43,-10,-19,-8,-12,0,0,0,0,0,-35,-35,-42,-46,-45,-19,-39,-38,-22,19,0,0,0,0,4,10,0,0,0,0,0,0,0,0,-10,26,22,14,20,23,19,18,17,11,8,20,0,5,2,77,0,8,0,19,0,14,0]} 1. Nf3 d5 2. c4 e6 3. b3 d4 4. g3 Nc6 5. Bg2 e5 6. d3 {A13: English Opening: 1...e6} Bb4+ 7. Nbd2 a5 8. a3 {Black is slightly better.} Be7 (8... Bc5 {with more complications.} 9. O-O Nf6 10. Ng5 Be7 11. Re1 O-O) 9. O-O $146 ({Predecessor:} 9. Rb1 Nf6 {½-½ (42) McNab,C (2451)-Ivanchuk,V (2752) Gothenburg 2005}) 9... Nf6 10. Rb1 Nd7 11. Ne1 O-O 12. Nc2 Nc5 13. Ne4 Nxe4 14. Bxe4 Bh3 15. Re1 Qd7 (15... f5 $5 {[%cal Rf5e4]} 16. Bd5+ Kh8 $11) 16. b4 axb4 17. axb4 Bf5 18. Bh1 Nd8 19. e3 c6 20. exd4 exd4 21. Rb3 Bf6 22. h4 Bg4 23. Bf3 Bxf3 24. Qxf3 Ne6 25. b5 c5 26. Re2 b6 27. Rb1 Ra2 28. Ra1 Rxa1 29. Nxa1 Qa7 30. Nc2 Qa8 31. Kg2 Qxf3+ (31... Be7 {is interesting.} 32. Bd2 Bd6 33. Re1 Qa2 34. Rc1 g6) 32. Kxf3 h5 {[#]} (32... Re8 $11 {remains equal.}) 33. Bf4 (33. Ne1 $1 $16) 33... Ra8 {The position is equal.} 34. Bd6 Rd8 35. Bf4 Ra8 36. Bd6 {Accuracy: White = 63%, Black = 65%.} 1/2-1/2